000 00488nam a22001937a 4500
003 NUST - PNEC
005 20170116180825.0
008 150702b xxu||||| |||| 00| 0 eng d
020 _a0471098906
040 _cLIBRARY
082 _a512.5 ANT
100 _94305
_aAnton, Howard
245 _aElementary linear algebra
_c Howard Anton
250 _a4th ed
260 _aNew york
_bJohn Wiley & Sons Inc
_cc1973.
300 _a403 p. :
650 _94306
_aMath
_xME
942 _2ddc
_cBK
999 _c63852
_d63852